[Kohút, Jozef]

Zobrazenie: Podobizeň divadelného ochotníka a organizátora, hasiča, učiteľa a advokáta Jozefa Kohúta v hasičskej rovnošate (13.4.1838 Martin - 16.5.1915 Martin).

Bibliographic Details
Format: Photo
Language:Slovak
PhysicalDescription:1 fotografia čiernobiela 12 x 8 cm
Published: [S.l. s.n. s.a.]
Subjects:

MARC

LEADER 00000nkmaa2200000 a 4500
001 vtls011898282
003 SK-MaSNL
005 20260301102117.0
007 kh bo
008 230802n xo | |||0 k|slo
035 |a urn:nbn:sk:snk-km00dx1s 
035 |a urn:nbn:sk:snk-km3m186 
035 |a 6D9C5041-BD9B-45AB-A1A4-DAECEB101DE3 
040 |a SNKLA  |b slo  |c SNKLA  |e AACR2 
041 0 |a slo 
044 |a xo  |c SK 
245 0 0 |a [Kohút, Jozef]  |h grafika 
260 |a [S.l.  |b s.n.  |c s.a.] 
300 |a 1 fotografia  |b čiernobiela  |c 12 x 8 cm 
520 2 |a Zobrazenie: Podobizeň divadelného ochotníka a organizátora, hasiča, učiteľa a advokáta Jozefa Kohúta v hasičskej rovnošate (13.4.1838 Martin - 16.5.1915 Martin). 
600 1 7 |a Kohút, Jozef,  |d 1838-1915  |2 SNKMA  |9 120439 
655 7 |a portrétne fotografie  |2 SNKPH  |9 305796 
852 7 |a Slovenská národná knižnica  |b Literárny archív 
958 |a BLA 
958 |a ZO 
999 |c 691213  |d 693143 
952 |a SNKLA  |b SNKLA  |c SNKLA_DEP  |y NEVYP  |7 0  |p 17A1310454  |o snkSK 34/29  |i snkLA 2964/1967  |0 0  |1 0  |4 0  |d 2019-11-06  |f 1  |l 0  |r 2026-02-23 20:27:10  |w 2026-02-23